000 00438cam a2200181ua 4500
020 _c3.00
041 _ahin
_h
082 _a891.54
_bSUM/SA
100 _aSumitranandan, Pant .
245 _aSatt varsh ek rekhnkan /
_cSumitranandan Pant.
_hTextual Documents
250 _a1 /
_b.
260 _aDelhi :
_bRajkamal Prakash ,
_c1960.
300 _a74 ; .
365 _a3.00
504 _a
942 _cBK
999 _c6436
_d6436